| 000 | 00808nam a2200265 a 4500 | ||
|---|---|---|---|
| 001 | 74452 | ||
| 003 | BD-RjUL | ||
| 005 | 20211209082544.0 | ||
| 008 | 190927s1962 nyua j b 001 0beng | ||
| 020 | _a0385027672 | ||
| 035 | _a(BD-RjUL)74670 | ||
| 040 |
_aDLC _cDLC _dDLC _dBD-RjUL _beng |
||
| 041 | _aeng | ||
| 082 | 0 | 0 |
_a508.8 _219 |
| 100 | 1 |
_aHyndley, Kate. _9223000 |
|
| 245 | 1 | 4 |
_aThe voyage of the Beagle / _cCharles Darwin ; Ed. by Leonard Engel. |
| 260 |
_aNew York : _bDoubleday, _c1962. |
||
| 300 |
_a524 pages : _bill. ; _c18 cm. |
||
| 600 | 1 | 0 |
_aDarwin, Charles, _d1809-1882 _9223011 |
| 650 | 0 |
_aNaturalists _zEngland _vBiography _vJuvenile literature. _9223003 |
|
| 650 | 1 |
_aNaturalists. _9223004 |
|
| 700 |
_aEngel, Leonard _eeditor _9223010 |
||
| 942 |
_2ddc _cBK |
||
| 999 |
_c74452 _d74452 |
||